Sistemas de información gerencial : organización y tecnología de la empresa conectada en red /

Contenido: Fundamentos organizacionales de sistemas de información; Fundamentos técnicos de sistemas de información; Construcción de sistemas de información: enfoques contemporáneos; Sistemas de apoyo para administración y organización; Administración de sistemas de información.

Guardado en:
Detalles Bibliográficos
Autor principal: Laudon, Kenneth C. (autor)
Otros autores: Laudon, Jane Price (autor) (autor)
Formato: Libro
Idioma:Español
Publicado: México : Prentice-Hall, 2002, c2002
Temas:
Etiquetas: Agrega una etiqueta
Sin etiquetas, Sé el primero en etiquetar este registro!

MARC

LEADER 00000nam^a2200000^a^4500
001 000154637
005 20250521000000.0
009 20260310100401.446
020 |a 968-444-487-7 
037 |a Acervo ITESO - Biblioteca 
041 |a ESP 
082 |a 658. 00285  |b LAU 
100 |a Laudon, Kenneth C.  |e (autor) 
240 1 1 |a [Administración de los sistemas de información] 
245 1 0 |a Sistemas de información gerencial :  |b organización y tecnología de la empresa conectada en red /  |c K.C. Laudon, J.P. Laudon ; tr. por Roberto L. Escalona García. 
264 4 |a México :  |b Prentice-Hall,  |c 2002, c2002 
300 |a 1 v. (varias paginaciones) 
336 |a texto  |b txt  |2 rdacontenido 
337 |a sin mediación  |b n  |2 rdamedio 
338 |a volumen  |b nc  |2 rdasoporte 
500 |a Traducción de: Management Information Systems: Organization and Technology in the Networked Enterprise 
520 |a Contenido: Fundamentos organizacionales de sistemas de información; Fundamentos técnicos de sistemas de información; Construcción de sistemas de información: enfoques contemporáneos; Sistemas de apoyo para administración y organización; Administración de sistemas de información. 
590 |a Traducción de la 6a edición en inglés 
649 |a XX 
650 |a Sistemas de Información -  |x Administración -  |x Tema Principal 
650 |a Tecnologías de Comunicación e Información -  |x Función Organizacional 
650 |a Desarrollo Organizacional 
650 |a Toma de Decisiones 
650 |a Proceso Administrativo -  |x Dirección 
650 |a Informática 
650 |a Administración 
650 |a Ciencias Administrativas 
700 |a Laudon, Jane Price  |e (autor) 
910 |a Fondo General 
920 |a Impresos - Libros 
930 |a Colección General 
905 |a 101 
901 |a 0500083400  |b IT1  |c ACC  |u 20250521 
902 |a https://opac.biblio.iteso.mx/vufind/Record/000154637